<?xml version="1.0" encoding="UTF-8"?>
<record
    xmlns:xsi="http://www.w3.org/2001/XMLSchema-instance"
    xsi:schemaLocation="http://www.loc.gov/MARC21/slim http://www.loc.gov/standards/marcxml/schema/MARC21slim.xsd"
    xmlns="http://www.loc.gov/MARC21/slim">

  <leader>01676    a2200217   4500</leader>
  <controlfield tag="001">30786</controlfield>
  <controlfield tag="005">20260407155617.0</controlfield>
  <controlfield tag="008">260407a1961    arg                 spa d</controlfield>
  <controlfield tag="003">AR-UNSa-BCEJYS</controlfield>
  <datafield tag="040" ind1=" " ind2=" ">
    <subfield code="a">AR-UNSa-BCEJYS</subfield>
    <subfield code="b">spa</subfield>
    <subfield code="c">AR-UNSa-BCEJYS</subfield>
  </datafield>
  <datafield tag="080" ind1=" " ind2=" ">
    <subfield code="a">657</subfield>
    <subfield code="x">Contabilidad</subfield>
  </datafield>
  <datafield tag="245" ind1="1" ind2="0">
    <subfield code="a">Contabilidad interna de la industria</subfield>
  </datafield>
  <datafield tag="264" ind1=" " ind2="1">
    <subfield code="a">Madrid :</subfield>
    <subfield code="b">Aguilar</subfield>
    <subfield code="c">1961</subfield>
  </datafield>
  <datafield tag="300" ind1=" " ind2=" ">
    <subfield code="a">307 p.</subfield>
    <subfield code="c">22 cm.</subfield>
  </datafield>
  <datafield tag="505" ind1=" " ind2=" ">
    <subfield code="a">Primera parte: Tratamiento contable de los costes - 1. Concepto de los costes - 2. Principales problemas relativos al tratamiento contable de los costes - 3. Clases de costes - 4. Lugares de costes - 5. Portadores de costes - 6. Diferencias de c&#xE1;lculo - Segunda parte: El plan de cuentas - 7. Objeto del plan de cuentas - 8. Contenido, en principio, del plan de cuentas - 9. Clases de cuentas - 10. Elaboraci&#xF3;n del plan de cuentas - 11. Resumen de las propuestas m&#xE1;s conocidas sobre elaboraci&#xF3;n de planes de cuentas - Tercera parte: Organizaci&#xF3;n de la contabilidad financiera y de la explotaci&#xF3;n -  12. Puntos de vista sustentados respecto a la subdivisi&#xF3;n de la contabilidad - 13. Formas de organizaci&#xF3;n de la contabilidad financiera y de la explotaci&#xF3;n - Cuarta parte: M&#xE9;todos de c&#xE1;lculo - 14. Observaciones preliminares - 15. Influencia de la clase de producci&#xF3;n en la elecci&#xF3;n del m&#xE9;todo de c&#xE1;lculo - 16. M&#xE9;todos de c&#xE1;lculo y su aplicaci&#xF3;n - 17. Esquemas de c&#xE1;lculos generalmente conocidos - 18. Valoraci&#xF3;n resumida de la importancia del c&#xE1;lculo en el control de la explotaci&#xF3;n</subfield>
  </datafield>
  <datafield tag="942" ind1=" " ind2=" ">
    <subfield code="c">BK</subfield>
  </datafield>
  <datafield tag="590" ind1=" " ind2=" ">
    <subfield code="a">niveau_biblio:m niveau_hierar:0</subfield>
  </datafield>
  <datafield tag="100" ind1="1" ind2=" ">
    <subfield code="a">Hansen, Palle</subfield>
  </datafield>
  <datafield tag="700" ind1="1" ind2=" ">
    <subfield code="a">Koefoed, Arne</subfield>
  </datafield>
  <datafield tag="700" ind1="1" ind2=" ">
    <subfield code="a">Suarez Franck, Armando</subfield>
  </datafield>
  <datafield tag="999" ind1=" " ind2=" ">
    <subfield code="c">2121</subfield>
    <subfield code="d">2121</subfield>
  </datafield>
  <datafield tag="952" ind1=" " ind2=" ">
    <subfield code="0">0</subfield>
    <subfield code="1">0</subfield>
    <subfield code="4">0</subfield>
    <subfield code="7">0</subfield>
    <subfield code="a">BCEJYS</subfield>
    <subfield code="b">BCEJYS</subfield>
    <subfield code="c">16</subfield>
    <subfield code="d">2026-04-07</subfield>
    <subfield code="l">0</subfield>
    <subfield code="o">657 H249c</subfield>
    <subfield code="p">L21587</subfield>
    <subfield code="r">2026-04-07 15:56:17</subfield>
    <subfield code="w">2026-04-07</subfield>
    <subfield code="y">L</subfield>
  </datafield>
  <datafield tag="952" ind1=" " ind2=" ">
    <subfield code="0">0</subfield>
    <subfield code="1">0</subfield>
    <subfield code="4">0</subfield>
    <subfield code="7">0</subfield>
    <subfield code="a">BCEJYS</subfield>
    <subfield code="b">BCEJYS</subfield>
    <subfield code="c">16</subfield>
    <subfield code="d">2026-04-07</subfield>
    <subfield code="l">0</subfield>
    <subfield code="o">657 H249c</subfield>
    <subfield code="p">L22809</subfield>
    <subfield code="r">2026-04-07 15:56:17</subfield>
    <subfield code="w">2026-04-07</subfield>
    <subfield code="y">L</subfield>
  </datafield>
  <datafield tag="952" ind1=" " ind2=" ">
    <subfield code="0">0</subfield>
    <subfield code="1">0</subfield>
    <subfield code="4">0</subfield>
    <subfield code="7">0</subfield>
    <subfield code="a">BCEJYS</subfield>
    <subfield code="b">BCEJYS</subfield>
    <subfield code="c">16</subfield>
    <subfield code="d">2026-04-07</subfield>
    <subfield code="l">0</subfield>
    <subfield code="o">657 H249c</subfield>
    <subfield code="p">L22810</subfield>
    <subfield code="r">2026-04-07 15:56:17</subfield>
    <subfield code="w">2026-04-07</subfield>
    <subfield code="y">L</subfield>
  </datafield>
</record>
